00253nam a2200109Ia 4500008004100000100001300041245002500054260001800079650002200097942000700119999001700126190216s9999||||xx |||||||||||||| ||und|| aCherukad 0aManushya Hrudayangal bCurrent Books aMalayalam Nadakam cBK c24398d24398